[Event "45th Olympiad 2024"]
[Site "Budapest HUN"]
[Date "2024.09.15"]
[Round "5.65"]
[Board "1"]
[White "Houssein, Mohamed Bilal"]
[Black "KIGIGHA, Bomo Lovet"]
[Result "0-1"]
[WhiteElo "1870"]
[BlackElo "2217"]
[PlyCount "114"]
[EventDate "2024.09.11"]
[WhiteTeam "Djibouti"]
[BlackTeam "Nigeria"]
[WhiteTeamCountry "DJI"]
[BlackTeamCountry "NGR"]

1. e4 c5 2. Nf3 d6 3. d4 cxd4 4. Nxd4 Nf6 5. Nc3 a6 6. Be2 e5 7. Nb3 Be6 8. Be3 Be7 9. Nd5 Nxd5 10. exd5 Bf5 11. Qd2 Nd7 12. Na5 Qc7 13. c4 O-O 14. b4 ({RR} 14. O-O Bg6 15. b4 f5 16. f4 Nf6 17. fxe5 Ne4 18. Qe1 dxe5 19. c5 Bf6 20. d6 Qd7 21. Nc4 Rae8 22. Nb6 Qd8 23. d7 Re7 24. Rd1 Kh8 25. Bd3 f4 26. Bc1 Ng5 27. Bxg6 hxg6 28. Qh4+ Nh7 {1-0 Erigaisi,A (2762)-Safarli,E (2597) 7th Sharjah Masters 2024 (1.1)}) ({RR} 14. O-O Bg6 15. b4 f5 16. f4 Bf6 17. Rac1 exf4 18. Bxf4 Be5 19. Bxe5 Nxe5 20. c5 Rf7 21. c6 b5 22. Qd4 Rf6 23. Nb7 Bf7 24. a4 bxa4 25. Ra1 Nd7 26. Rxa4 Qb6 27. Qxb6 Nxb6 28. Rxa6 Rxa6 {1-0 Ribera Veganzones,S (2341)-Apol,L (2251) 5th ESNA Ind 2024 (4.4)}) 14... Qb8 $146 ({RR} 14... Bg6 15. O-O f5 16. f4 Bf6 17. Rac1 exf4 18. Bxf4 Be5 19. c5 dxc5 20. Bxe5 Qxe5 21. bxc5 Nf6 22. Nxb7 Ne4 23. Qb4 Bf7 24. Rfd1 Ng5 25. Qd2 Ne4 26. Qd4 Qb8 27. c6 Kh8 28. d6 Nf6 29. Bf3 {1-0 Huda,M (2278)-Paulet,I (2241) EU-ch rapid (Women) 2007 (8)}) ({RR} 14... Bg6 15. O-O Rfe8 16. Rac1 Rac8 17. Rfd1 Bd8 18. c5 Nxc5 19. Nb3 b6 20. bxc5 bxc5 21. Bxa6 Rb8 22. Qe2 f5 23. Bb5 Rf8 24. f4 Qf7 25. Qf1 Bf6 26. a4 Bh5 27. Rd2 Qe7 28. Na5 Be8 29. Re1 {1-0 Mohammad,M (2289)-Rahman,S (2294) Dhaka Six Seasons March 2010 (4)}) ({RR} 14... Bg6 15. O-O f5 16. f4 Nf6 17. Bf3 exf4 18. Bxf4 Bh5 19. Bxh5 Nxh5 20. Be3 Bf6 21. Rac1 Be5 22. Nb3 Nf6 23. Rxf5 Ng4 24. Rxf8+ Rxf8 25. g3 Qf7 26. Qe2 Qh5 27. Bb6 Rf6 28. Nd2 Rh6 29. Nf1 {½-½ Munoz,F (2275)-Yeletsky,I (2422) Wch U18 Montevideo 2017 (2)}) 15. O-O Rc8 16. f4 Be4 17. Bd3 Bxd3 18. Qxd3 Bd8 19. Nb3 exf4 20. Bxf4 Qa7+ 21. Kh1 Bf6 22. Rac1 Be5 23. Be3 Qb8 24. Na5 Qc7 25. Qd2 Nf6 26. c5 Qe7 27. c6 b5 28. Rf3 Ne4 29. Qc2 Qh4 30. Rh3 Qg4 31. Qd1 Qg6 32. Qh5 Nc3 33. Qxg6 hxg6 34. Rc2 Nxd5 35. Bd2 Nc7 36. Bc3 Re8 37. Rc1 Bxc3 38. Rhxc3 Re4 39. a3 Rae8 40. h3 Re1+ 41. Rxe1 Rxe1+ 42. Kh2 Kf8 43. Nb7 Ke7 44. Kg3 Re4 45. Kf3 f5 46. Rd3 Re6 47. Na5 d5 48. Rc3 g5 49. Nb3 g6 50. Nd4 Re4 51. Rd3 Kd6 52. Rd2 Ne6 53. Ne2 Kxc6 54. Nc3 Rd4 55. Re2 Rd3+ 56. Kf2 Kd6 57. Nb1 Rb3 0-1

[Event "45th Olympiad 2024"]
[Site "Budapest HUN"]
[Date "2024.09.15"]
[Round "5.65"]
[Board "2"]
[White "OSUNFUYI, Abimbola"]
[Black "Omar, Aden Omar"]
[Result "1-0"]
[WhiteElo "2164"]
[BlackElo "1779"]
[PlyCount "49"]
[EventDate "2024.09.11"]
[WhiteTeam "Nigeria"]
[BlackTeam "Djibouti"]
[WhiteTeamCountry "NGR"]
[BlackTeamCountry "DJI"]

1. Nf3 d5 2. e3 Nf6 3. c4 e6 4. Nc3 a6 5. b3 Nbd7 ({RR} 5... dxc4 6. bxc4 c5 7. Qc2 b6 8. Be2 Bb7 9. Bb2 Be7 10. O-O O-O 11. Rad1 Nbd7 12. d4 cxd4 13. exd4 Rc8 14. Qb3 Qc7 15. Nd2 Rfd8 16. Rfe1 Nb8 17. Na4 Nbd7 18. Nc3 Nb8 19. Na4 Nbd7 20. Nc3 {½-½ Vachier Lagrave,M (2778)-Nakamura,H (2736) Titled Tuesday intern op 22nd Sept blitz 2020 (7)}) 6. Bb2 b6 7. cxd5 exd5 8. Rc1 $146 ({RR} 8. Be2 Bb7 9. O-O Bd6 10. Re1 O-O 11. Bf1 {½-½ Filip,L (2372)-Creanga,R (2190) ch-ROU 2023 Sebes ROU (8.14)}) ({RR} 8. g3 Bb7 9. Bg2 Bd6 10. O-O O-O 11. Rc1 Re8 12. Re1 Nc5 13. d3 Ne6 14. Ne2 c5 15. d4 b5 16. dxc5 Nxc5 17. Nf4 Nce4 18. Nd4 Rc8 19. Nf5 Be5 20. Bxe5 Rxe5 21. Nd4 Re8 22. f3 Nd6 {1-0 Zhao,Y (2491)-Barski,R (2410) 5th Valencia Cuna Open 2024 (7.2)}) 8... c5 9. d4 Bb7 10. Bd3 Bd6 11. O-O O-O 12. dxc5 bxc5 13. Bf5 Re8 14. Na4 Qe7 15. Qc2 Ne4 16. Bxd7 Qxd7 17. Nb6 Qe7 18. Nxa8 Bxa8 19. Rfe1 Qe6 20. Nd2 Nxd2 21. Qxd2 Qh6 22. f4 Re6 23. Ba3 d4 24. Bxc5 Rg6 25. Bxd6 1-0

[Event "45th Olympiad 2024"]
[Site "Budapest HUN"]
[Date "2024.09.15"]
[Round "5.65"]
[Board "3"]
[White "Mohamed, Ali Dima"]
[Black "Ofowino, Toritsemuwa"]
[Result "0-1"]
[WhiteElo "1761"]
[BlackElo "2020"]
[PlyCount "160"]
[EventDate "2024.09.11"]
[WhiteTeam "Djibouti"]
[BlackTeam "Nigeria"]
[WhiteTeamCountry "DJI"]
[BlackTeamCountry "NGR"]

1. e4 c6 2. d4 d5 3. exd5 cxd5 4. Nf3 Nc6 5. Bf4 Bg4 6. c3 Nf6 7. Nbd2 a6 8. Bd3 ({RR} 8. h3 Bh5 9. g4 Bg6 10. Nh4 e6 11. Nxg6 hxg6 12. Bg2 Bd6 13. Bg5 Qb6 14. Nb3 Qc7 15. Qe2 Nh7 16. Be3 Nf6 17. Bg5 Nh7 18. Be3 Nf6 {½-½ Agrest,E (2592)-Meier,G (2648) SWE-chT 1617 2016 (3.5)}) ({RR} 8. Qb3 Na5 9. Qc2 e6 10. Ne5 Bf5 11. Qa4+ b5 12. Bxb5+ axb5 13. Qxb5+ Nd7 14. b4 f6 15. Nxd7 Qxd7 16. Qxd7+ Kxd7 17. bxa5 Rxa5 18. a4 Bc2 19. O-O Be7 20. Ra2 Bxa4 21. Rfa1 Rha8 22. Nb3 R5a6 {0-1 Pham Le Thao Nguyen (2395)-Kovalev,D (2487) Titled Tue 14th May Early 2024 (9)}) 8... e6 9. h3 Bh5 10. Qb3 $146 ({RR} 10. O-O Bd6 11. Bxd6 Qxd6 12. Re1 O-O 13. Qb3 Nd7 14. Re3 Rfc8 15. Rae1 b5 16. a3 Bg6 17. Bxg6 hxg6 18. Qd1 a5 19. Ne5 Ncxe5 20. dxe5 Qe7 21. Qg4 b4 22. axb4 axb4 23. h4 bxc3 24. bxc3 Ra3 {1-0 Mueller,H-Pachman,L (2455) Bayern Kongress-54 Meisterturnier 1 1983 (10)}) ({RR} 10. O-O Bd6 11. Bg5 O-O 12. Re1 Rc8 13. Bh4 Re8 14. Bg3 Bxg3 15. fxg3 e5 16. g4 e4 17. gxh5 exd3 18. Ne5 Qb6 19. Nxc6 Rxe1+ 20. Qxe1 Rxc6 21. Rb1 Re6 22. Qg3 h6 23. Qxd3 Nxh5 24. Qf5 g6 {1-0 Slizunkov,D (2120)-Musovic,A (2219) EU-ch Online U2300 Final 2020 (2)}) ({RR} 10. Qe2 Bd6 11. Qe3 Bxf4 12. Qxf4 Bg6 13. Bxg6 hxg6 14. Ne5 Nxe5 15. dxe5 Nd7 16. Nf3 Nc5 17. O-O b5 18. Rad1 Rc8 19. Rfe1 Qe7 20. Rd4 Ne4 21. a4 Rc4 22. axb5 axb5 23. Ra1 O-O 24. Nd2 Nxd2 {½-½ Rosenberger,F (2247)-Meyer,S (2187) Dotzheim op 1st 2002 (8)}) 10... Na5 11. Qa4+ b5 12. Qc2 Bd6 13. Bxd6 Qxd6 14. Ne5 O-O 15. f4 Bg6 16. O-O Nc4 17. Ndxc4 dxc4 18. Bxg6 hxg6 19. b3 cxb3 20. axb3 Nd5 21. Qd3 Rfd8 22. Rf3 Rac8 23. Qd2 Nf6 24. Qd3 Nd5 25. Rc1 Qa3 26. Qb1 Qd6 27. Qe4 Rc7 28. Qe1 Rdc8 29. Kh2 Ne7 30. Nd3 Nf5 31. g4 Ne7 32. Nc5 Nd5 33. Qe5 Qc6 34. Re1 Re7 35. Kg3 Ree8 36. Qg5 Qd6 37. Ra1 Ra8 38. Ne4 Qc6 39. h4 Ne7 40. Re1 Rad8 41. h5 Rd5 42. Qh4 Rxh5 43. gxh5 Nf5+ 44. Kh3 Nxh4 45. Kxh4 gxh5 46. Rg3 Kf8 47. Rg5 g6 48. Rc5 Qb7 49. Kg3 Rd8 50. Nd2 b4 51. Nf3 bxc3 52. Rxc3 Qb4 53. Rec1 Rxd4 54. Nxd4 Qxd4 55. Rc8+ Kg7 56. R1c3 e5 57. fxe5 Qxe5+ 58. Kh3 g5 59. R8c5 Qf4 60. R5c4 Qf5+ 61. Kh2 Kg6 62. Rc2 f6 63. Rc8 Qf4+ 64. Kg2 Qe4+ 65. Kh2 Qe5+ 66. Kg2 Qd5+ 67. Kh2 Qxb3 68. R8c6 h4 69. R6c3 Qe6 70. Rc6 Qe5+ 71. Kh1 g4 72. R6c4 f5 73. Rc6+ Kg5 74. R6c5 Qe4+ 75. Kg1 h3 76. R5c4 Qe1+ 77. Kh2 Qe5+ 78. Kg1 g3 79. Rc1 Qe3+ 80. Kh1 Qf3+ 0-1

[Event "45th Olympiad 2024"]
[Site "Budapest HUN"]
[Date "2024.09.15"]
[Round "5.66"]
[Board "1"]
[White "Khan, Taffin"]
[Black "Gurner, Jem"]
[Result "0-1"]
[WhiteElo "2066"]
[BlackElo "2091"]
[PlyCount "132"]
[EventDate "2024.09.11"]
[WhiteTeam "Guyana"]
[BlackTeam "Jersey"]
[WhiteTeamCountry "GUY"]

1. Nf3 Nf6 2. d4 g6 3. g3 Bg7 4. Bg2 O-O 5. O-O d6 6. c4 Nc6 7. Nc3 e5 8. dxe5 Nxe5 9. Nxe5 dxe5 10. Qxd8 Rxd8 11. Bg5 Rd4 12. b3 c6 13. Be3 Rd8 14. Rad1 Rxd1 15. Rxd1 Be6 16. h3 Bf8 17. Na4 Nd7 18. Nb2 $146 ({RR} 18. f4 exf4 19. gxf4 f5 {½-½ Salmoiraghi,A (2172)-Lotti,F (2033) Senigallia op-A 2010 (2)}) ({RR} 18. f4 exf4 19. gxf4 f5 20. Bd4 Kf7 21. Kf2 a6 22. e4 fxe4 23. Bxe4 Re8 24. Bf3 Nf6 25. Be5 Bxh3 26. Rh1 Bf5 27. Bxf6 Kxf6 28. Rxh7 Re7 29. Rh8 Kg7 30. Rh1 Rd7 31. Rd1 Rxd1 32. Bxd1 b5 {0-1 Vyatkin,D (2362)-Kovalev,V (2559) Titled Tue 30th Jul Early 2024 (6)}) ({RR} 18. f4 exf4 19. Bxf4 Re8 20. Kf2 Nc5 21. Nc3 Bg7 22. Be3 Nxb3 23. axb3 Bxc3 24. Bxa7 Kg7 25. Bd4+ Bxd4+ 26. Rxd4 Ra8 27. b4 Ra4 28. c5 Ra3 29. b5 Rc3 30. bxc6 bxc6 31. Bxc6 Bxh3 32. Bf3 Rxc5 {0-1 Lang,D (2072)-Grewe,L (2185) Ruhrgebiet VL1 0910 2009 (6.1)}) 18... f6 19. Nd3 a5 20. Rc1 Kf7 21. Rc2 h5 22. f4 exf4 23. Nxf4 Bf5 24. Rd2 Re8 25. Bf2 Nc5 26. Rd1 Ne4 27. Be1 Bc5+ 28. Kh2 b6 29. Bf3 Be3 30. Ng2 Bc5 31. Nf4 Kg7 32. g4 hxg4 33. hxg4 Bc8 34. Kg2 Be3 35. Nh3 f5 36. Nf2 Bxf2 37. Bxf2 fxg4 38. Bxe4 Rxe4 39. Rd2 b5 40. cxb5 cxb5 41. Rd8 Bb7 42. Kf1 Re7 43. Rd4 Be4 44. Bh4 Re5 45. Kf2 Kh6 46. Bd8 b4 47. Bc7 Rf5+ 48. Kg3 Bb1 49. Rd2 Kh5 50. Rd1 Be4 51. Rd4 Rc5 52. Rxe4 Rxc7 53. Re5+ g5 54. Rxa5 Rc3+ 55. Kg2 Rc2 56. Re5 Rxa2 57. Re4 Kh4 58. Re8 Kh5 59. Re4 Rb2 60. Re3 Kg6 61. Kf2 Kf6 62. Rd3 Ke5 63. Re3+ Kf4 64. Rd3 g3+ 65. Kf1 Kg4 66. e4 Kh3 0-1

[Event "45th Olympiad 2024"]
[Site "Budapest HUN"]
[Date "2024.09.15"]
[Round "5.66"]
[Board "2"]
[White "Carpenter, Paul A"]
[Black "Nathoo, Loris"]
[Result "0-1"]
[WhiteElo "1985"]
[BlackElo "1788"]
[PlyCount "104"]
[EventDate "2024.09.11"]
[WhiteTeam "Jersey"]
[BlackTeam "Guyana"]
[BlackTeamCountry "GUY"]

1. b3 g6 2. Bb2 Nf6 3. e3 c5 4. f4 d6 5. Nf3 Bg7 6. Be2 Nc6 7. O-O O-O 8. Qe1 e6 ({RR} 8... Bg4 9. h3 Bxf3 10. Bxf3 e6 11. Nc3 d5 12. Ne2 Nb4 13. Qb1 Ne4 14. Bxg7 Kxg7 15. Bxe4 dxe4 16. Qb2+ f6 17. Rad1 Nd5 18. Ng3 Qb6 19. Nxe4 c4 20. Rb1 cxb3 21. axb3 Rac8 22. c4 Ne7 23. c5 {1-0 Naroditsky,D (2615)-Tica,S (2444) Titled Tuesday intern op 1st May blitz 2018 (4)}) 9. a3 ({RR} 9. a4 b6 10. Na3 Bb7 11. Nc4 Nb4 12. Rc1 Be4 13. Qh4 Bxc2 14. Ng5 h6 15. Rf3 Bd3 16. Bxd3 Nxd3 17. Bxf6 Qxf6 18. Rc3 d5 19. Nd6 Qe7 20. Rxd3 Qxd6 21. Ne4 Qd8 22. Qf2 Qe7 23. Nc3 c4 {0-1 Kaloczi,K (2047)-Koszegi,L (2065) HUN-chT2 Erkel 1819 2018 (7.4)}) 9... Ne7 $146 ({RR} 9... Bd7 10. Nc3 a6 11. Nd1 Re8 12. Nf2 Nh5 13. Bxg7 Nxg7 14. Ng4 Nh5 15. Nh6+ Kg7 16. Ng5 Rf8 17. Bxh5 Kxh6 18. Be2 Kg7 19. g4 h6 20. Ne4 Qe7 21. Ng3 f5 22. h3 b5 23. Bf3 Rab8 24. Qf2 {1-0 Fry,P-Dickson,I (1910) Australian op 2006 (10)}) 10. Nc3 b6 11. Rb1 Bb7 12. Nd1 Qd7 13. d3 Ne8 14. e4 Bxb2 15. Rxb2 Kg7 16. c3 f5 17. e5 Nd5 18. Ng5 h6 19. Nh3 dxe5 20. fxe5 Rd8 21. Rd2 Nxc3 22. d4 Nxe2+ 23. Qxe2 cxd4 24. Nf4 Kh7 25. Nf2 Ng7 26. Rfd1 Qc6 27. Rc2 Qd7 28. Rcd2 Qe7 29. b4 g5 30. Nh5 Nxh5 31. Qxh5 Qf7 32. Qe2 Qe7 33. Rxd4 Rxd4 34. Rxd4 Rd8 35. Qd2 Rxd4 36. Qxd4 Bd5 37. Nd1 Qc7 38. Nc3 Qc4 39. Qd2 Kg6 40. Kf2 Qh4+ 41. Kg1 Qc4 42. Kf2 a6 43. g3 Kf7 44. Qe3 Qc6 45. Nxd5 exd5 46. Qd3 Ke6 47. g4 Kxe5 48. gxf5 b5 49. Qh3 Qc2+ 50. Ke1 Qe4+ 51. Kd2 Qf4+ 52. Ke1 Qh4+ 0-1

[Event "45th Olympiad 2024"]
[Site "Budapest HUN"]
[Date "2024.09.15"]
[Round "5.66"]
[Board "3"]
[White "Sandiford, Keron"]
[Black "Belzo, Krzysztof"]
[Result "0-1"]
[WhiteElo "1755"]
[BlackElo "2076"]
[PlyCount "81"]
[EventDate "2024.09.11"]
[WhiteTeam "Guyana"]
[BlackTeam "Jersey"]
[WhiteTeamCountry "GUY"]

1. d4 Nf6 2. Bf4 c5 3. c3 Qb6 4. Qb3 cxd4 5. Qxb6 axb6 6. Bxb8 dxc3 7. Nxc3 Rxb8 8. e3 e6 9. a3 Bc5 $146 ({RR} 9... Be7 10. Bc4 d5 11. Bb5+ Bd7 12. Nf3 Bd6 13. Bxd7+ Kxd7 14. Rc1 Rhc8 15. O-O h6 16. Na4 Rxc1 17. Rxc1 Bc7 18. Nd4 Ne4 19. Nb5 Bd8 20. Rc2 Ra8 21. Nbc3 Rc8 22. f3 Nc5 23. Nxc5+ bxc5 24. b3 {0-1 Brank,Z (1797)-Gajic,M (2312) Nova Gorica op 23rd 2018 (3)}) 10. Nf3 O-O 11. Bd3 d5 12. O-O Bd7 13. Ne5 Bc6 14. Nb5 Rfd8 15. Nxc6 bxc6 16. Na7 Rd6 17. b4 Bxe3 18. fxe3 Ra8 19. Nb5 cxb5 20. Bxb5 d4 21. Rfd1 e5 22. exd4 exd4 23. Rac1 g6 24. Rc6 Rad8 25. Rxd6 Rxd6 26. h3 Ne4 27. Bf1 Nc3 28. Rd2 f5 29. Bd3 Kf7 30. Bc2 Kf6 31. a4 Ke5 32. Rd3 Kd5 33. Bb3+ Ke5 34. Kf2 Rd8 35. Kf3 Ra8 36. g4 Nxa4 37. gxf5 gxf5 38. Rd2 Nc3 39. Bc2 Ne4 40. Rg2 Ra3+ 41. Ke2 0-1

[Event "45th Olympiad 2024"]
[Site "Budapest HUN"]
[Date "2024.09.15"]
[Round "5.66"]
[Board "4"]
[White "Mooney, Graham"]
[Black "Pitamber, Sachin Dhilan"]
[Result "1/2-1/2"]
[WhiteElo "1935"]
[BlackElo "1719"]
[PlyCount "66"]
[EventDate "2024.09.11"]
[WhiteTeam "Jersey"]
[BlackTeam "Guyana"]
[BlackTeamCountry "GUY"]

1. e4 c5 2. Nf3 g6 3. d4 cxd4 4. Nxd4 Bg7 5. c4 Nf6 6. Nc3 d6 7. Be2 Nc6 8. Be3 O-O 9. Qd2 Bd7 10. f3 Rc8 11. O-O Ne5 12. b3 a6 13. Rac1 Qa5 14. Nd5 ({RR} 14. Bg5 Qb4 15. Rfd1 b5 16. cxb5 axb5 17. Ncxb5 Qxd2 18. Bxd2 d5 19. f4 Nc6 20. e5 Ne4 21. Nxc6 Bxc6 22. Nd4 Bd7 23. Be3 Nc3 24. Rd2 Nxe2+ 25. Nxe2 Bb5 26. Rxc8 Rxc8 27. Nd4 Bd7 28. Rc2 Ra8 {1-0 Curtis,J (2292)-Bodicky,M (2207) Titled Tue 16th Jan Late 2024 (8)}) 14... Qd8 15. Rfd1 Nxd5 16. exd5 f5 $146 ({RR} 16... Rc7 17. h3 Be8 18. f4 Nd7 19. f5 Nf6 20. fxg6 hxg6 21. Bh6 Bd7 22. Bd3 Rc8 23. Ne6 fxe6 24. Bxg6 Be8 25. Qg5 Bxh6 26. Qxh6 Bxg6 27. Qxg6+ Kh8 28. Rd4 Nh7 29. Rh4 Rf7 30. Qxf7 Qg8 31. Qxe6 {1-0 Wijesurija,G (2189)-Granara Barreto,S (2315) Olympiad-35 Bled 2002 (3.2)}) ({RR} 16... Qc7 17. h3 Be8 18. Bg5 Qd7 19. f4 f6 20. Ne6 Rf7 21. Nxg7 fxg5 22. fxe5 Kxg7 23. Bg4 Qc7 24. Bxc8 Qxc8 25. Qxg5 {1-0 Gubaydullin,K-Ozgur,T (1570) Wch U10 Kemer 2009 (9)}) 17. Bf1 Qe8 18. Qb4 f4 19. Bf2 g5 20. Ne6 Bxe6 21. dxe6 g4 22. Qxb7 gxf3 23. gxf3 Qg6+ 24. Bg2 Nd3 25. Rc2 Nc5 26. Qxe7 Qxc2 27. Qxd6 Nb7 28. Qd3 Qxd3 29. Rxd3 Rfd8 30. Rd7 Rxd7 31. exd7 Rc6 32. Bh3 a5 33. Bf5 Nd8 1/2-1/2

[Event "45th Olympiad 2024"]
[Site "Budapest HUN"]
[Date "2024.09.15"]
[Round "5.67"]
[Board "1"]
[White "Wu, Li"]
[Black "Stratonowitsch, Andre"]
[Result "1-0"]
[WhiteElo "2325"]
[BlackElo "2154"]
[PlyCount "47"]
[EventDate "2024.09.11"]
[WhiteTeam "Isle of Man"]
[BlackTeam "Seychelles"]
[WhiteTeamCountry "IOM"]
[BlackTeamCountry "SEY"]

1. d4 Nf6 2. c4 e6 3. Nc3 d5 4. cxd5 exd5 5. Bg5 Be7 6. e3 O-O 7. Bd3 c6 8. h3 Re8 9. Qc2 Nbd7 10. Nge2 Ne4 11. Bf4 ({RR} 11. Bxe4 dxe4 12. Bxe7 Qxe7 13. g4 Nf6 14. Ng3 Be6 15. Ngxe4 Nxe4 16. Qxe4 Bd5 17. Qxe7 Rxe7 18. Nxd5 cxd5 19. Kd2 h5 20. gxh5 Rd8 21. Rhg1 Rd6 22. Rg5 Kh7 23. Rag1 f6 24. Rf5 Re4 25. Rc1 Rd7 {1-0 Melkumyan,H (2646)-Saya,E (2231) Titled Tue 21st May Late 2024 (1)}) 11... Ndf6 12. g4 h6 13. f3 Ng5 $146 ({RR} 13... Nxc3 14. Qxc3 Bd6 15. O-O-O Qe7 16. Bxd6 Qxd6 17. Rde1 b6 18. h4 Be6 19. Nf4 Kf8 20. g5 Ng8 21. Rhg1 Rac8 22. Kb1 Bd7 23. Nh5 g6 24. gxh6 Nxh6 25. Ng3 Ke7 26. e4 Kd8 27. e5 Qe7 28. h5 {½-½ Moiseenko,A-Antoniewski,R EU-ch U14 Herculane 1994 (3)}) ({RR} 13... Nxc3 14. Nxc3 c5 15. Bb5 Bd7 16. Bxd7 Qxd7 17. O-O-O cxd4 18. exd4 b5 19. Kb1 a5 20. Qd3 b4 21. Ne2 a4 22. h4 b3 23. a3 Rac8 24. Rc1 Rxc1+ 25. Rxc1 Nh7 26. Bg3 Bf6 27. Nc3 Nf8 28. Bf2 {½-½ Praszak,M (2068)-Renkowski,P (2199) POL-chT 1st League 2018 (2.6)}) 14. Bxg5 hxg5 15. h4 gxh4 16. g5 Nd7 17. f4 Bxg5 18. fxg5 Qxg5 19. O-O-O Rxe3 20. Qd2 Qh6 21. Rdg1 Re6 22. Nf4 Rf6 23. Rg4 Nc5 24. Rgxh4 1-0

[Event "45th Olympiad 2024"]
[Site "Budapest HUN"]
[Date "2024.09.15"]
[Round "5.67"]
[Board "2"]
[White "Meier, Peter"]
[Black "Fabri, Henrik"]
[Result "1-0"]
[WhiteElo "2062"]
[BlackElo "1936"]
[PlyCount "123"]
[EventDate "2024.09.11"]
[WhiteTeam "Seychelles"]
[BlackTeam "Isle of Man"]
[WhiteTeamCountry "SEY"]
[BlackTeamCountry "IOM"]

1. d4 Nf6 2. c4 e6 3. Nf3 b6 4. g3 Bb7 5. Bg2 Be7 6. O-O O-O 7. Nc3 Ne4 8. Qc2 Nxc3 9. Qxc3 f5 10. Rd1 Bf6 11. Bf4 d6 12. Qd2 Qe7 13. Rac1 Nd7 14. b4 Rfd8 15. c5 dxc5 16. bxc5 Nxc5 $146 ({RR} 16... bxc5 17. Bxc7 Rdc8 18. Qa5 cxd4 19. Qb5 Nb6 20. Bxb6 axb6 21. Rxc8+ Rxc8 22. Qxb6 e5 23. a4 Rc6 24. Qb3+ Kh8 25. Nxd4 exd4 26. Bxc6 Bxc6 27. Qc4 Qe4 28. f3 Qe3+ 29. Kf1 Qe8 30. a5 Bb5 31. Qc2 {0-1 Suhajda,A (1921)-Eltigani,O (2310) HUN-chT U18 Miskolc 2011 (8.1)}) 17. Qb4 Na6 18. Qc4 Rac8 19. e4 fxe4 20. Ne5 Nb8 21. Qa4 a6 22. Ng4 b5 23. Nxf6+ gxf6 24. Qc2 f5 25. h4 Rd7 26. Bg5 Qg7 27. a4 Bd5 28. axb5 axb5 29. Bf1 c6 30. Bxb5 Ra7 31. Bc4 Nd7 32. Qd2 Nb6 33. Bf1 Rca8 34. Bh6 Qg6 35. Bf4 Nd7 36. Rb1 Qe8 37. Rb2 Ra2 38. Rdb1 e5 39. dxe5 Nxe5 40. Bxe5 Qxe5 41. Qg5+ Kh8 42. Rb7 Rc8 43. Re7 Qd4 44. Qxf5 Bg8 45. Rbb7 Qxf2+ 46. Qxf2 Rxf2 47. Kxf2 Rf8+ 48. Kg1 Rf3 49. Rb8 Rxg3+ 50. Kh2 Rc3 51. Ree8 h6 52. Rxg8+ Kh7 53. h5 e3 54. Bh3 Rc2+ 55. Kg3 Rc5 56. Bg4 Re5 57. Be2 Rd5 58. Kf4 c5 59. Bf3 Rd4+ 60. Kxe3 Rd3+ 61. Kxd3 c4+ 62. Kd4 1-0

[Event "45th Olympiad 2024"]
[Site "Budapest HUN"]
[Date "2024.09.15"]
[Round "5.67"]
[Board "3"]
[White "Ormsby, Alan"]
[Black "Bonne, Robin"]
[Result "1-0"]
[WhiteElo "1914"]
[BlackElo "1707"]
[PlyCount "71"]
[EventDate "2024.09.11"]
[WhiteTeam "Isle of Man"]
[BlackTeam "Seychelles"]
[WhiteTeamCountry "IOM"]
[BlackTeamCountry "SEY"]

1. e4 {ChessBase II} c5 2. Nf3 d6 3. d4 cxd4 4. Nxd4 a6 5. Nc3 e5 6. Nb3 Nf6 7. Bg5 Nbd7 8. Bd3 $146 ({RR} 8. Qd2 Qc7 9. Bd3 b5 10. O-O Bb7 11. a4 b4 12. Ne2 Nxe4 13. Bxe4 Bxe4 14. Qxb4 Qxc2 15. Nd2 d5 16. Qb7 Rb8 17. Qxa6 Bd3 18. Qa7 Bc5 19. Qc7 Bxf2+ {0-1 Zouhair,I (1967)-Schaefer,L (1915) Verbandsliga Sued Baden 0708 2007 (5.6)}) ({RR} 8. a4 Be7 9. Nd2 Qb6 10. Nc4 Qc6 11. Ne3 h6 12. Bxf6 Nxf6 13. Bc4 Be6 14. Qd3 Rc8 15. b3 O-O 16. a5 Bxc4 17. Nxc4 Rfd8 18. Rd1 Qe8 19. O-O Rc5 20. Na4 Rb5 21. Nc3 Rc5 22. Qf3 Qc6 {1-0 Kozionov,K (2439)-Tsydypov,Z (2485) Moscow Aeroflot op-B 16th 2017 (5)}) ({RR} 8. a4 Be7 9. Bc4 h6 10. Be3 Qc7 11. Qe2 b6 12. f3 Bb7 13. O-O O-O 14. Rad1 Rfc8 15. Bd3 Nc5 16. Nxc5 dxc5 17. Bc4 Rd8 18. b3 Bf8 19. Rxd8 Qxd8 20. Rd1 Qc7 21. Qd3 Be7 22. Qe2 Bf8 {1-0 Pinero,C (2288)-Agibileg,U (2442) Titled Tue 14th May Early 2024 (8)}) ({RR} 8. g3 Be7 9. Bg2 O-O 10. O-O Nb6 11. Qd3 Be6 12. Rfd1 Nc4 13. Rab1 Rc8 14. Bxf6 Bxf6 15. Nd5 Bg5 16. h4 Bh6 17. Qe2 g6 18. c3 b5 19. Na1 f5 20. Bh3 Rc5 21. Nc2 Bxd5 22. exd5 f4 {0-1 Grimaldi,R (2345)-Ramirez,J WchT U26 02 fin-B 1980 (2)}) ({RR} 8. Bc4 Be7 9. Qd2 b5 10. Bd3 Bb7 11. f3 b4 12. Ne2 a5 13. Ng3 g6 14. Bh6 Qb6 15. Be3 Qc6 16. Qe2 Ba6 17. Nxa5 Qc8 18. Bxa6 Rxa6 19. Nc4 Rc6 20. b3 d5 21. exd5 Nxd5 22. Bh6 Bf6 {1-0 Alonso Herrero,I (1815)-Aburto Renovales,R (1534) Madrid San Viator op 12th 2009 (7)}) 8... Be7 9. O-O h6 10. Be3 Nc5 11. Nxc5 dxc5 12. a4 Be6 13. Qe2 O-O 14. f3 Qc7 15. Bc4 Bxc4 16. Qxc4 Rfd8 17. Rfd1 Rac8 18. g4 g5 19. b3 a5 20. Kg2 b6 21. h4 Ne8 22. Nd5 Nd6 23. Qe2 Qb7 24. c4 f6 25. Rh1 Bf8 26. Nxf6+ Kf7 27. hxg5 Bg7 28. Nd5 hxg5 29. Bxg5 Rh8 30. Rxh8 Rxh8 31. Rh1 Kg6 32. Rxh8 Bxh8 33. Qd2 Bg7 34. Ne7+ Kf7 35. Qxd6 Bf8 36. Qg6# 1-0

[Event "45th Olympiad 2024"]
[Site "Budapest HUN"]
[Date "2024.09.15"]
[Round "5.67"]
[Board "4"]
[White "Pillay, Ragul"]
[Black "Gumireddy, Sanjay"]
[Result "1-0"]
[WhiteElo "1633"]
[BlackElo "1907"]
[PlyCount "61"]
[EventDate "2024.09.11"]
[WhiteTeam "Seychelles"]
[BlackTeam "Isle of Man"]
[WhiteTeamCountry "SEY"]
[BlackTeamCountry "IOM"]

1. d4 Nf6 2. c4 c5 3. d5 b5 4. cxb5 a6 5. bxa6 g6 6. e3 Bxa6 7. Bxa6 Qa5+ 8. Nc3 Qxa6 9. Nge2 d6 10. O-O Bg7 11. Qb3 O-O $146 ({RR} 11... Nbd7 12. Qb5 O-O 13. Qxa6 Rxa6 14. e4 Rb8 15. Rb1 Ne8 16. Bd2 Ne5 17. b3 Nd3 18. Na4 Nb4 19. Bxb4 Rxb4 20. Nec3 Nc7 21. Rfc1 Nb5 22. Nxb5 Rxb5 23. Rc4 Bd4 24. Kf1 e6 25. f3 Ra7 26. Re1 {½-½ Schmekel,F (1544)-Rausch,A (1469) GER-ch U12 Oberhof 2011 (3)}) 12. Qb5 Qa7 13. Bd2 Nbd7 14. Rfb1 Ne5 15. Qb3 Rfb8 16. Nb5 Qb7 17. Nec3 c4 18. Qc2 Nfd7 19. b3 cxb3 20. Rxb3 Qc8 21. Nd4 Nb6 22. f4 Nec4 23. Nc6 Rb7 24. Bc1 e6 25. Rab1 Bxc3 26. Qxc3 exd5 27. Rxb6 Nxb6 28. Rxb6 Qc7 29. Bb2 f6 30. Rxb7 Qxb7 31. Qxf6 1-0

[Event "45th Olympiad 2024"]
[Site "Budapest HUN"]
[Date "2024.09.15"]
[Round "5.68"]
[Board "1"]
[White "Bodin-Hullin, Thomas"]
[Black "Gabriel, Davidson"]
[Result "0-1"]
[WhiteElo "1855"]
[BlackElo "2043"]
[PlyCount "122"]
[EventDate "2024.09.11"]
[WhiteTeam "Senegal"]
[BlackTeam "Haiti"]
[WhiteTeamCountry "SEN"]
[BlackTeamCountry "HAI"]

1. e4 e5 2. Nf3 Nc6 3. Bb5 a6 4. Ba4 Nf6 5. O-O b5 6. Bb3 Bc5 7. c3 d6 8. a4 Bd7 9. d4 Bb6 10. h3 h6 11. Re1 Rb8 $146 ({RR} 11... O-O 12. Be3 exd4 13. Bxd4 Nxd4 14. cxd4 Re8 15. Nbd2 Bc6 16. Qc2 Bb7 17. a5 Ba7 18. e5 Nd5 19. Qf5 Qc8 20. Qh5 Qd7 21. Ne4 Nf4 22. Qh4 Bd5 23. Qxf4 Bxb3 24. Nf6+ gxf6 25. exf6 Kh7 26. Ng5+ {1-0 Lianes Garcia,M (2411)-Muzika,P (2072) Seville op 47th 2022 (6)}) 12. axb5 axb5 13. Nbd2 exd4 14. cxd4 Bxd4 15. Nxd4 Nxd4 16. Ba2 O-O 17. Bb1 Be6 18. Ra3 Re8 19. f4 c5 20. Nf3 b4 21. Rae3 Nxf3+ 22. Qxf3 Ra8 23. e5 dxe5 24. fxe5 Nh7 25. Rd3 Qe7 26. Rd6 Nf8 27. Be3 Rec8 28. Bxc5 Rxc5 29. Qxa8 Rxe5 30. Rxe5 Qxd6 31. Re1 Qd2 32. Qe4 Bf5 33. Qe8 Be6 34. Rxe6 fxe6 35. Bg6 Qd7 36. Qxd7 Nxd7 37. Kf2 Nc5 38. Ke3 e5 39. g4 Kf8 40. Kd2 Ke7 41. h4 Ke6 42. Ke3 Na4 43. b3 Nc5 44. Bc2 Kd5 45. Bd1 e4 46. Bc2 Ke5 47. Bd1 Ne6 48. Bc2 Nd4 49. Bd1 h5 50. gxh5 Nf5+ 51. Kd2 Nxh4 52. Be2 Kd4 53. Bc4 Ng2 54. Bf7 Nf4 55. Be8 e3+ 56. Kc2 Ke4 57. Bc6+ Kf5 58. Be8 Kg4 59. Kd1 Kf3 60. Bc6+ Kf2 61. Bb5 Nxh5 0-1